Transpozícia smernice ATAD 1 a zmeny v zdaňovaní fyzických osôb

Dokončenie prehľadu zmien, ktoré obsahuje zákon č. 344/2017 Z. z., ktorým sa mení a dopĺňa zákon č. 595/2003 Z. z. o dani z príjmov v z. n. p. a ktorým sa mení zákon č. 563/2009 Z. z. o správe daní a o zmene a doplnení niektorých zákonov v z. n. p. Zmeny v zdaňovaní fyzických osôb. Ilustračné príkla...

Ausführliche Beschreibung

Gespeichert in:
Bibliographische Detailangaben
1. Verfasser: Horniaček, Peter
Weitere Verfasser: Mezeiová, Viera
Format: Buchkapitel
Sprache:Slowakisch
Schlagworte:
Tags: Tag hinzufügen
Keine Tags, Fügen Sie das erste Tag hinzu!

MARC

LEADER 00000naa a2200000 4500
001 0242901
005 20230110075950.4
041 0 |a slo 
044 |a SK 
245 1 0 |a Transpozícia smernice ATAD 1 a zmeny v zdaňovaní fyzických osôb  |c Peter Horniaček, Viera Mezeiová 
520 |a Dokončenie prehľadu zmien, ktoré obsahuje zákon č. 344/2017 Z. z., ktorým sa mení a dopĺňa zákon č. 595/2003 Z. z. o dani z príjmov v z. n. p. a ktorým sa mení zákon č. 563/2009 Z. z. o správe daní a o zmene a doplnení niektorých zákonov v z. n. p. Zmeny v zdaňovaní fyzických osôb. Ilustračné príklady. 
610 2 0 |a zdaňovanie 
610 2 0 |a poriadok daňový 
610 2 0 |a osoby fyzické 
610 2 0 |a správa daňová 
100 1 |a Horniaček, Peter 
700 1 |a Mezeiová, Viera